000 00294nam a22001217a 4500
008 171227b xxu||||| |||| 00| 0 eng d
041 _aeng
080 _a159.9
100 _a45
101 _aPSI
245 _aNEUROPHYSIOLOGICAL CONCEPTS IN HUMAN BEHAVIOR
_cMARGOT.C.H
942 _2udc
_cBK
999 _c39455
_d39455